00810nam a2200205 i 4500001000700000003000900007005001700016008004100033080002100074100004600095245009000141260004500231300003100276490004400307700003300351830005200384852002500436999001900461952012400480186743ES-MaACL20230906222733.0170213s1909 sp |||| | spa d a821.134.2-32"18"0 aSerrano de la Pedrosa, Francisco.910574713aLa viudita gallega / cnovela de F. Serrano de la Pedrosa ; ilustraciones de Titó. aMadrid : bLos Contemporáneos, c1909. a[20] p. : bil. ; c28 cm.1 aLos contemporáneos ; vaño 1, n. 511 aTitó (d1877-1925)91617100 aLos contemporáneos ; vaño 1, n. 519185715 aES-MaACLjR-2597(22) c186743d186743 00104070aATENEOMbATENEOMcDEPOd2017-02-13eSCl0oR-2597(22)p1196978r2023-02-23 00:00:00w2023-02-23yMONOGRAFIA